000 00672nam a22002177a 4500
003 UA-OsUOA
001 60117
007 ta
008 20090506b un ||||| |||| 00| 0 ukr d
100 _aСиняєва Л.В.
090 _a330(477)
_bС38
942 _cSA
040 _aUA-OsUOA
_bukr
_cUA-OsUOA
_dUA-OsUOA
245 _aПроблеми регулювання оплати праці та шляхи їх вирішення в Україні
300 _aС.171-178
955 _a0
041 _aukr
080 _a330(477)
773 0 _w60105
_tРегіональна економіка
_dЛьвів
_d2009
_g1
650 7 _a330 Економіка взагалі
_2UDC
999 _c346303
_d346303